[Event "DRUGA LIGA SRBIJE-GRUPA VOJVODINA-2019."]
[Site "Kovacica"]
[Date "2019.11.02"]
[Round "2"]
[Board "2"]
[White "Stocko, Josip"]
[Black "Milenkovic, Mladen"]
[Result "1/2-1/2"]
[WhiteElo "2281"]
[BlackElo "2304"]
[PlyCount "105"]
[EventDate "2019.11.01"]
[EventType "team"]
[EventRounds "11"]
[EventCountry "SRB"]
[WhiteTeam "SK Polet Rastina"]
[BlackTeam "SK Bata Cosic Opovo"]

1. e4 c5 2. Nf3 d6 3. d4 cxd4 4. Nxd4 Nf6 5. Nc3 a6 6. Bg5 e6 7. f4 h6 8. Bh4
Qb6 9. a3 Be7 10. Bf2 Qc7 11. Qe2 Nc6 12. Nb3 b5 13. g3 Bb7 14. Bg2 Na5 15.
Nxa5 Qxa5 16. O-O O-O 17. Rfd1 Qc7 18. Rd2 Rad8 19. Rad1 Nd7 20. Qe3 Rfe8 21.
h4 Bf8 22. Ne2 Nf6 23. Qb6 Qc8 24. e5 Bxg2 25. Kxg2 Nd5 26. Qa5 dxe5 27. fxe5
Qb7 28. Kh2 Rc8 29. Nf4 Nxf4 30. gxf4 Qf3 31. Qxa6 Rxc2 32. Rxc2 Qxd1 33. Qc6
Rd8 34. Qe4 Rd3 35. Qe2 Qxe2 36. Rxe2 Be7 37. Kg2 Kh7 38. Rc2 Kg6 39. Rc7 Bd8
40. h5+ Kxh5 41. Rxf7 Rd2 42. Kf3 Kg6 43. Rf8 Be7 44. Re8 Kf7 45. Rb8 Rxb2 46.
Rb7 Ke8 47. Rb8+ Kd7 48. Rb7+ Ke8 49. Rb8+ Bd8 50. Bb6 Rd2 51. Ke3 Rd7 52. Bxd8
Rxd8 53. Rxb5  1/2-1/2

[Event "DRUGA LIGA SRBIJE-GRUPA VOJVODINA-2019."]
[Site "Kovacica"]
[Date "2019.11.04"]
[Round "5"]
[Board "1"]
[White "Petrusic, Velimir"]
[Black "Hart, Alexander"]
[Result "1/2-1/2"]
[WhiteElo "2110"]
[BlackElo "1952"]
[PlyCount "71"]
[EventDate "2019.11.01"]
[EventType "team"]
[EventRounds "11"]
[EventCountry "SRB"]
[WhiteTeam "SK Sloga Indjija"]
[BlackTeam "SK Bora Ivkov Ban. N. Selo"]

1. d4 d5 2. Nc3 Nf6 3. Bf4 c6 4. e3 g6 5. Nf3 Bg4 6. h3 Bxf3 7. Qxf3 Bg7 8. Bd3
Nbd7 9. O-O O-O 10. g4 Re8 11. Qg3 Rc8 12. Rfd1 a6 13. b4 e5 14. dxe5 Nxe5 15.
Bxe5 Ne4 16. Bxg7 Nxg3 17. Bh6 Qf6 18. Bf4 Qxc3 19. Bxg3 Qxb4 20. Rab1 Qe7 21.
Rb6 Rcd8 22. Rdb1 Rd7 23. a4 h6 24. Bf4 Kg7 25. Kg2 f6 26. h4 Rf8 27. h5 g5 28.
Bg3 f5 29. gxf5 Rf6 30. a5 Kf7 31. R1b4 Kg8 32. Kf3 Qf7 33. Kg4 Qe7 34. Bh2 c5
35. Rxf6 cxb4 36. Rxh6  1/2-1/2

[Event "DRUGA LIGA SRBIJE-GRUPA VOJVODINA-2019."]
[Site "Kovacica"]
[Date "2019.11.04"]
[Round "5"]
[Board "2"]
[White "Milanovic, Stanko"]
[Black "Mandic, Milenko"]
[Result "1/2-1/2"]
[WhiteElo "2143"]
[BlackElo "1904"]
[PlyCount "94"]
[EventDate "2019.11.01"]
[EventType "team"]
[EventRounds "11"]
[EventCountry "SRB"]
[WhiteTeam "SK Bora Ivkov Ban. N. Selo"]
[BlackTeam "SK Sloga Indjija"]

1. e4 d6 2. Nc3 g6 3. f4 c5 4. Nf3 Bg7 5. Bc4 Nf6 6. d3 Nc6 7. a4 Bg4 8. h3
Bxf3 9. Qxf3 Nd4 10. Qf2 O-O 11. Be3 e6 12. O-O d5 13. Ba2 Qb6 14. Nb5 dxe4 15.
c3 a6 16. Na3 Nf5 17. Bxc5 Qc6 18. Bxf8 Bxf8 19. d4 h5 20. Nc4 h4 21. Ne5 Qc7
22. Rfe1 b5 23. axb5 axb5 24. Bxe6 Rxa1 25. Bxf7+ Qxf7 26. Rxa1 Qe8 27. Qc2 b4
28. Qb3+ Kh7 29. Ra7+ Bg7 30. Qxb4 Nh5 31. Qb7 Nxf4 32. Ra8 Qe6 33. Qxe4 Ng3
34. Qe3 Nfe2+ 35. Kf2 Qf5+ 36. Nf3 Nf4 37. Ra1 Qc2+ 38. Nd2 Ne4+ 39. Qxe4 Qxd2+
40. Kf1 Qxb2 41. Rd1 Nh5 42. Qxh4 Qxc3 43. d5 Bf6 44. Qg4 Qe3 45. g3 Nxg3+ 46.
Kg2 Ne4 47. Qf3 Qg5+  1/2-1/2

[Event "DRUGA LIGA SRBIJE-GRUPA VOJVODINA-2019."]
[Site "Kovacica"]
[Date "2019.11.04"]
[Round "5"]
[Board "3"]
[White "Marceta, Dimitrije"]
[Black "Zivkovic, Milan B"]
[Result "0-1"]
[WhiteElo "1766"]
[BlackElo "2046"]
[PlyCount "150"]
[EventDate "2019.11.01"]
[EventType "team"]
[EventRounds "11"]
[EventCountry "SRB"]
[WhiteTeam "SK Sloga Indjija"]
[BlackTeam "SK Bora Ivkov Ban. N. Selo"]

1. d4 Nf6 2. Bf4 g6 3. Nc3 Bg7 4. e4 d6 5. Qd2 Nc6 6. O-O-O Bd7 7. f3 Nh5 8.
Be3 e5 9. d5 Ne7 10. g4 Nf4 11. h4 g5 12. hxg5 Neg6 13. Nce2 Qxg5 14. Nh3 Nxe2+
15. Bxe2 Qe7 16. Kb1 a5 17. Bh6 f6 18. Be3 b6 19. Qc3 Kd8 20. Qa3 b5 21. Bd2 b4
22. Bxb4 Ke8 23. Bd2 Qd8 24. Bd3 Qc8 25. Nf2 Nf4 26. Bxf4 exf4 27. e5 fxe5 28.
Bxh7 Rb8 29. Ne4 Qb7 30. Qc3 a4 31. Bg6+ Ke7 32. Rxh8 Rxh8 33. Qd3 a3 34. b3
Rh6 35. Bh5 Qb6 36. c3 Ba4 37. Kc2 Bd7 38. Rh1 Be8 39. Kd2 Ba4 40. Kc2 Be8 41.
Kd2 Bd7 42. Kc2 Bb5 43. c4 Bd7 44. Kd2 Be8 45. Ke2 Bd7 46. Ng5 Be8 47. Qe4 Bg6
48. Bxg6 Rxh1 49. Kd3 Qb4 50. Qe2 Re1 51. Qf2 Re3+ 52. Kc2 Qc3+ 53. Kd1 Qa1+
54. Kd2 Qxa2+ 55. Bc2 Qb2 56. Ne4 Qd4+ 57. Kc1 Kd7 58. Nc5+ dxc5 59. Bf5+ Kd6
60. Qh4 Qa1+ 61. Kd2 Qc3+ 62. Kd1 Rd3+ 63. Bxd3 Qxd3+ 64. Ke1 Qe3+ 65. Kd1
Qxb3+ 66. Ke2 Qe3+ 67. Kd1 Qxf3+ 68. Kc1 Qc3+ 69. Kd1 e4 70. Qd8+ Ke5 71. Qxc7+
Kd4 72. Qxg7+ Kd3 73. Qxc3+ Kxc3 74. d6 a2 75. d7 a1=Q+  0-1

[Event "DRUGA LIGA SRBIJE-GRUPA VOJVODINA-2019."]
[Site "Kovacica"]
[Date "2019.11.04"]
[Round "5"]
[Board "4"]
[White "Vasic, Zoran"]
[Black "Parkajic, Branislav"]
[Result "0-1"]
[WhiteElo "1968"]
[BlackElo "1922"]
[PlyCount "70"]
[EventDate "2019.11.01"]
[EventType "team"]
[EventRounds "11"]
[EventCountry "SRB"]
[WhiteTeam "SK Bora Ivkov Ban. N. Selo"]
[BlackTeam "SK Sloga Indjija"]

1. e4 c5 2. c3 d5 3. exd5 Qxd5 4. d4 Nc6 5. Be3 cxd4 6. cxd4 e6 7. Nf3 Nf6 8.
a3 Qa5+ 9. Nc3 Bd6 10. h3 O-O 11. b4 Qd8 12. Bd3 b6 13. Ng5 h6 14. Nge4 Nxe4
15. Bxe4 Bb7 16. Qf3 Qd7 17. O-O e5 18. Bxc6 Bxc6 19. Qd1 Bxg2 20. Kxg2 Qc6+
21. Qf3 Qxc3 22. Rfc1 Qb3 23. Rc6 Rad8 24. Bd2 Qxf3+ 25. Kxf3 f5 26. Rg1 e4+
27. Ke2 Kf7 28. Bc3 g5 29. f3 Rfe8 30. fxe4 Rxe4+ 31. Kd3 Rh4 32. Rh1 g4 33.
Ke2 Rxh3 34. Rxh3 gxh3 35. Kf3 h2  0-1

[Event "DRUGA LIGA SRBIJE-GRUPA VOJVODINA-2019."]
[Site "Kovacica"]
[Date "2019.11.04"]
[Round "5"]
[Board "5"]
[White "Muskinja, Luka"]
[Black "Njamcul, Dragan"]
[Result "1-0"]
[WhiteElo "1810"]
[BlackElo "2320"]
[PlyCount "65"]
[EventDate "2019.11.01"]
[EventType "team"]
[EventRounds "11"]
[EventCountry "SRB"]
[WhiteTeam "SK Sloga Indjija"]
[BlackTeam "SK Bora Ivkov Ban. N. Selo"]

1. Nf3 Nf6 2. b3 d5 3. Bb2 c5 4. e3 Nc6 5. d4 e6 6. a3 a6 7. c4 b6 8. Bd3 Bb7
9. Nbd2 Be7 10. O-O O-O 11. Qe2 Rc8 12. Rad1 Qc7 13. Ne5 Nxe5 14. dxe5 Nd7 15.
f4 Ra8 16. cxd5 exd5 17. Qh5 g6 18. Qh6 f5 19. exf6 Nxf6 20. Bxg6 d4 21. Bd3
Qc6 22. Rf3 Kf7 23. exd4 Rg8 24. Bc4+ Nd5 25. Qxh7+ Rg7 26. Qh5+ Kf8 27. Bxd5
Qxd5 28. Qxd5 Bxd5 29. Rg3 Rf7 30. Nc4 Rd8 31. Ne5 Bxb3 32. Nxf7 Kxf7 33. Rxb3
 1-0

[Event "DRUGA LIGA SRBIJE-GRUPA VOJVODINA-2019."]
[Site "Kovacica"]
[Date "2019.11.04"]
[Round "5"]
[Board "6"]
[White "Mik, Aurel"]
[Black "Majstorovic, Stanko"]
[Result "0-1"]
[WhiteElo "2039"]
[BlackElo "2078"]
[PlyCount "84"]
[EventDate "2019.11.01"]
[EventType "team"]
[EventRounds "11"]
[EventCountry "SRB"]
[WhiteTeam "SK Bora Ivkov Ban. N. Selo"]
[BlackTeam "SK Sloga Indjija"]

1. e4 e5 2. Nf3 Nc6 3. d4 exd4 4. Bc4 Be7 5. Nxd4 Nf6 6. Nxc6 dxc6 7. Qxd8+
Bxd8 8. O-O O-O 9. Nc3 b5 10. Bd3 Re8 11. f3 Be6 12. Be3 a5 13. a3 Nd7 14. f4
f6 15. Rad1 Nb6 16. Ne2 Nc4 17. Bc1 Be7 18. Rf3 Bc5+ 19. Kf1 Bg4 20. Rg3 Bxe2+
21. Kxe2 Nd6 22. Kf3 Re7 23. Bd2 b4 24. axb4 axb4 25. Re1 Rae8 26. Re2 g6 27.
c3 b3 28. h4 Rf8 29. Be3 Bxe3 30. Rxe3 c5 31. c4 Rfe8 32. e5 fxe5 33. Rxe5 Rxe5
34. fxe5 Rxe5 35. Kf4 Rh5 36. Rh3 Nf7 37. g4 Re5 38. Be4 g5+ 39. Kf3 gxh4 40.
Bd5 Rxd5 41. cxd5 Ng5+ 42. Kg2 Nxh3  0-1

[Event "DRUGA LIGA SRBIJE-GRUPA VOJVODINA-2019."]
[Site "Kovacica"]
[Date "2019.11.04"]
[Round "5"]
[Board "1"]
[White "Varga, Zoltan"]
[Black "Sahin, Ozgun"]
[Result "1-0"]
[WhiteElo "2424"]
[BlackElo "2258"]
[PlyCount "117"]
[EventDate "2019.11.01"]
[EventType "team"]
[EventRounds "11"]
[EventCountry "SRB"]
[WhiteTeam "SK Backa Pacir"]
[BlackTeam "SK Kraljica PTT Petrovaradin"]

1. d4 d5 2. Nf3 Nf6 3. g3 c5 4. Bg2 Nc6 5. O-O cxd4 6. Nxd4 e5 7. Nxc6 bxc6 8.
c4 Be6 9. Nc3 Rc8 10. cxd5 cxd5 11. Qa4+ Qd7 12. Qxd7+ Kxd7 13. Rd1 Bc5 14. Bg5
d4 15. Na4 Bd6 16. e3 h6 17. exd4 exd4 18. Bxf6 gxf6 19. Rxd4 Ke7 20. Nc3 Be5
21. Ra4 Rhd8 22. Rxa7+ Kf8 23. a4 Rd2 24. Rb7 Bxc3 25. bxc3 Rxc3 26. Rb8+ Kg7
27. Rb4 Rcc2 28. Be4 Ra2 29. Rxa2 Rxa2 30. Bc6 Bh3 31. f4 Be6 32. Kf1 Rc2 33.
Bb5 Ra2 34. Ke1 Bg4 35. h4 Bf3 36. f5 h5 37. Bc4 Ra3 38. Kd2 Be4 39. Bb3 Bxf5
40. Kc3 Ra1 41. Rb7 Rg1 42. Rxf7+ Kg6 43. Re7 Rxg3+ 44. Kb2 Rg2+ 45. Ka3 Rg4
46. a5 Bd3 47. Rd7 Be4 48. a6 Rxh4 49. a7 Rh1 50. Re7 Bf3 51. Re3 Bb7 52. Kb2
h4 53. Re7 Bf3 54. Bc2+ f5 55. Bxf5+ Kf6 56. Be4 Rh2+ 57. Kb3 Bd1+ 58. Kc3 Ra2
59. Rh7  1-0

[Event "DRUGA LIGA SRBIJE-GRUPA VOJVODINA-2019."]
[Site "Kovacica"]
[Date "2019.11.04"]
[Round "5"]
[Board "2"]
[White "Banovic, Ivan"]
[Black "Farkas, Tibor"]
[Result "1/2-1/2"]
[WhiteElo "2218"]
[BlackElo "2274"]
[PlyCount "25"]
[EventDate "2019.11.01"]
[EventType "team"]
[EventRounds "11"]
[EventCountry "SRB"]
[WhiteTeam "SK Kraljica PTT Petrovaradin"]
[BlackTeam "SK Backa Pacir"]

1. d4 Nf6 2. Nf3 g6 3. g3 Bg7 4. Bg2 d5 5. O-O O-O 6. a4 a5 7. c3 c6 8. Ne5 Ng4
9. Nxg4 Bxg4 10. h3 Bf5 11. Nd2 Nd7 12. Qb3 Qb6 13. Qxb6  1/2-1/2

[Event "DRUGA LIGA SRBIJE-GRUPA VOJVODINA-2019."]
[Site "Kovacica"]
[Date "2019.11.04"]
[Round "5"]
[Board "3"]
[White "Arbutina, Sinisa"]
[Black "Remecki, Sinisa"]
[Result "1/2-1/2"]
[WhiteElo "2323"]
[BlackElo "2235"]
[PlyCount "36"]
[EventDate "2019.11.01"]
[EventType "team"]
[EventRounds "11"]
[EventCountry "SRB"]
[WhiteTeam "SK Backa Pacir"]
[BlackTeam "SK Kraljica PTT Petrovaradin"]

1. d4 Nf6 2. Nf3 c5 3. c3 b6 4. Bf4 Bb7 5. e3 g6 6. Be2 Bg7 7. O-O O-O 8. Nbd2
d6 9. h3 Qc7 10. Bh2 Nbd7 11. Qc2 Rac8 12. dxc5 Nxc5 13. Rfd1 Nfe4 14. Nb3 Bh6
15. Nfd2 Nxb3 16. axb3 Nxd2 17. Rxd2 a5 18. Qd1 Be4  1/2-1/2

[Event "DRUGA LIGA SRBIJE-GRUPA VOJVODINA-2019."]
[Site "Kovacica"]
[Date "2019.11.04"]
[Round "5"]
[Board "4"]
[White "Pajcin, Lav"]
[Black "Vidic, Stevan"]
[Result "1/2-1/2"]
[WhiteElo "2160"]
[BlackElo "2267"]
[PlyCount "108"]
[EventDate "2019.11.01"]
[EventType "team"]
[EventRounds "11"]
[EventCountry "SRB"]
[WhiteTeam "SK Kraljica PTT Petrovaradin"]
[BlackTeam "SK Backa Pacir"]

1. Nf3 Nf6 2. g3 e6 3. Bg2 d5 4. O-O Be7 5. c4 O-O 6. b3 b6 7. Bb2 Bb7 8. cxd5
exd5 9. d4 Nbd7 10. Nbd2 c5 11. Rc1 Re8 12. Qc2 Rc8 13. Qb1 Bd6 14. e3 Qe7 15.
Nh4 g6 16. dxc5 bxc5 17. Rfd1 Be5 18. Nhf3 Bxb2 19. Qxb2 Ng4 20. Nf1 Red8 21.
Qa3 a6 22. Qa4 Nge5 23. Qf4 Nxf3+ 24. Bxf3 Ne5 25. Bg2 Rd6 26. Rc2 Kg7 27. g4
h6 28. Qg3 c4 29. bxc4 Rxc4 30. Rxc4 Nxc4 31. Rd4 Ne5 32. h4 Qe6 33. g5 h5 34.
Nd2 Rc6 35. Nb3 Rc2 36. Rd2 Rxd2 37. Nxd2 Nd3 38. Nb3 Ne1 39. Nd4 Qe7 40. Bh3
Qe4 41. Kh2 Nd3 42. f4 Qe8 43. Bf1 Nc5 44. Qe1 Ne6 45. Qc3 Nxd4 46. Qxd4+ Kg8
47. Kg3 Qc6 48. Bg2 Qc1 49. Qe5 Qe1+ 50. Kh2 Qxh4+ 51. Kg1 Qe1+ 52. Kh2 Qh4+
53. Kg1 Qe1+ 54. Kh2 Qh4+  1/2-1/2

[Event "DRUGA LIGA SRBIJE-GRUPA VOJVODINA-2019."]
[Site "Kovacica"]
[Date "2019.11.04"]
[Round "5"]
[Board "5"]
[White "Jesenski, Tibor"]
[Black "Matijevic, Radovan"]
[Result "1-0"]
[WhiteElo "2279"]
[BlackElo "2131"]
[PlyCount "51"]
[EventDate "2019.11.01"]
[EventType "team"]
[EventRounds "11"]
[EventCountry "SRB"]
[WhiteTeam "SK Backa Pacir"]
[BlackTeam "SK Kraljica PTT Petrovaradin"]

1. d4 d5 2. Nf3 Nf6 3. c4 c6 4. Nbd2 a6 5. g3 b5 6. b3 Bf5 7. Bg2 e6 8. O-O Be7
9. Bb2 Ne4 10. Ne5 f6 11. Nd3 Nd7 12. Nxe4 dxe4 13. Ne1 Nb6 14. f3 exf3 15.
Bxf3 O-O 16. c5 Nd5 17. e4 Ne3 18. Qe2 Nxf1 19. exf5 Nd2 20. Qxd2 e5 21. b4 a5
22. d5 Qd7 23. Qg2 axb4 24. d6 Bd8 25. Bxc6 Qa7 26. Qd5+  1-0

[Event "DRUGA LIGA SRBIJE-GRUPA VOJVODINA-2019."]
[Site "Kovacica"]
[Date "2019.11.04"]
[Round "5"]
[Board "6"]
[White "Radanovic, Aleksandar"]
[Black "Kecskemeti, Arpad"]
[Result "1/2-1/2"]
[WhiteElo "2173"]
[BlackElo "2240"]
[PlyCount "141"]
[EventDate "2019.11.01"]
[EventType "team"]
[EventRounds "11"]
[EventCountry "SRB"]
[WhiteTeam "SK Kraljica PTT Petrovaradin"]
[BlackTeam "SK Backa Pacir"]

1. e4 c5 2. Nc3 d6 3. Nf3 Nf6 4. d4 cxd4 5. Nxd4 a6 6. Bc4 e6 7. Bb3 Nbd7 8.
Bg5 Nc5 9. Qf3 Be7 10. O-O-O Qc7 11. Rhe1 O-O 12. Kb1 b5 13. e5 Bb7 14. exd6
Bxf3 15. dxc7 Bxd1 16. Rxd1 Rfc8 17. Bf4 Ne8 18. Bd5 exd5 19. Nxd5 Bd6 20. Bxd6
Nxd6 21. Nb6 Kf8 22. Nxa8 Rxa8 23. Nc6 Ncb7 24. Nb8 g6 25. b3 b4 26. Rd4 a5 27.
a3 Kg7 28. axb4 axb4 29. Rxb4 Ra7 30. Rd4 Nc8 31. Nc6 Ra6 32. Nd8 Nbd6 33. c4
Ra7 34. c5 Nb5 35. Rd7 Nxc7 36. Rxf7+ Kg8 37. Rd7 Nb5 38. Nb7 Ra8 39. Kc2 Nca7
40. Nd8 Rc8 41. b4 Rc7 42. Rxc7 Nxc7 43. Kd3 Kf8 44. Kc4 Ke7 45. Nb7 Nab5 46.
Na5 Ke6 47. Nc6 Na3+ 48. Kb3 Nab5 49. Ka4 Kd5 50. Ne7+ Ke6 51. Nc8 Kd7 52. Nb6+
Kc6 53. Ka5 Ne6 54. Nc4 Ned4 55. Ne5+ Kd5 56. f4 g5 57. g3 gxf4 58. gxf4 Na3
59. Kb6 Ke4 60. c6 Nxc6 61. Kxc6 Kxf4 62. Kd5 h5 63. Nc4 Nb5 64. Ke6 Kg4 65.
Ke5 h4 66. Ne3+ Kf3 67. Kf5 Kxe3 68. Kg4 Ke4 69. Kxh4 Kf4 70. Kh5 Kf5 71. h3
 1/2-1/2

[Event "DRUGA LIGA SRBIJE-GRUPA VOJVODINA-2019."]
[Site "Kovacica"]
[Date "2019.11.04"]
[Round "5"]
[Board "2"]
[White "Vlatkovic, Sinisa"]
[Black "Jotic, Vladimir"]
[Result "0-1"]
[WhiteElo "2290"]
[BlackElo "2288"]
[PlyCount "98"]
[EventDate "2019.11.01"]
[EventType "team"]
[EventRounds "11"]
[EventCountry "SRB"]
[WhiteTeam "SK Mladost Nova Pazova"]
[BlackTeam "SK Polet Rastina"]

1. d4 Nf6 2. c4 e6 3. Nc3 Bb4 4. Qc2 Nc6 5. Nf3 d6 6. a3 Bxc3+ 7. Qxc3 a5 8. b3
O-O 9. Bb2 Re8 10. Rd1 Qe7 11. Qc2 e5 12. d5 Nb8 13. e4 Na6 14. Be2 Nh5 15. g3
g6 16. Nd2 Ng7 17. Qc3 Nc5 18. f4 f6 19. O-O Bh3 20. Rf2 h5 21. Qe3 Rf8 22.
fxe5 fxe5 23. Nf3 Bg4 24. Rdf1 Bh3 25. Re1 Rf6 26. Bc1 Bg4 27. b4 axb4 28. axb4
Nd7 29. Kg2 Ra2 30. Ref1 Ne8 31. h3 Bxf3+ 32. Bxf3 Ra8 33. Qe2 Rf7 34. g4 hxg4
35. Bxg4 Rxf2+ 36. Qxf2 Ng7 37. Bxd7 Qxd7 38. Qg3 Ra2+ 39. Rf2 Qa4 40. Bd2 Qd1
41. Qg5 Qh5 42. Qg3 Rc2 43. Qd3 Qd1 44. Kh2 Rc1 45. Rg2 Qh1+ 46. Kg3 Rd1 47.
Kf2 Nh5 48. Rxg6+ Kf7 49. Rg5 Nf4  0-1

[Event "DRUGA LIGA SRBIJE-GRUPA VOJVODINA-2019."]
[Site "Kovacica"]
[Date "2019.11.04"]
[Round "5"]
[Board "3"]
[White "Stocko, Josip"]
[Black "Grcic, Vukasin"]
[Result "1-0"]
[WhiteElo "2281"]
[BlackElo "2125"]
[PlyCount "85"]
[EventDate "2019.11.01"]
[EventType "team"]
[EventRounds "11"]
[EventCountry "SRB"]
[WhiteTeam "SK Polet Rastina"]
[BlackTeam "SK Mladost Nova Pazova"]

1. e4 c5 2. Nf3 Nc6 3. Bb5 g6 4. O-O Bg7 5. c3 Nf6 6. Re1 O-O 7. h3 Qb6 8. Na3
a6 9. Bf1 e5 10. d3 d5 11. exd5 Nxd5 12. Nc4 Qc7 13. Qb3 Rd8 14. Bg5 f6 15. Bh4
Be6 16. a4 Nf4 17. Qc2 b5 18. axb5 axb5 19. Rxa8 Rxa8 20. Ncd2 Ne7 21. Bg3 Nh5
22. Bh2 Qc6 23. g4 Nf4 24. Bxf4 exf4 25. d4 f5 26. Ng5 Bd5 27. Bxb5 Qxb5 28. c4
Qa4 29. Qxa4 Rxa4 30. cxd5 Nxd5 31. Re8+ Bf8 32. dxc5 Ra6 33. Rd8 Nb4 34. Nxh7
Kxh7 35. Rxf8 fxg4 36. Rxf4 Nd3 37. Rc4 Nxb2 38. Rc2 Nd3 39. c6 Ra1+ 40. Kh2
Ra8 41. c7 Rc8 42. Ne4 Nb4 43. Nd6  1-0

[Event "DRUGA LIGA SRBIJE-GRUPA VOJVODINA-2019."]
[Site "Kovacica"]
[Date "2019.11.04"]
[Round "5"]
[Board "4"]
[White "Stankovic, Milos M"]
[Black "Popovic, Milos T"]
[Result "1-0"]
[WhiteElo "1944"]
[BlackElo "2369"]
[PlyCount "85"]
[EventDate "2019.11.01"]
[EventType "team"]
[EventRounds "11"]
[EventCountry "SRB"]
[WhiteTeam "SK Mladost Nova Pazova"]
[BlackTeam "SK Polet Rastina"]

1. d4 g6 2. c4 Bg7 3. Nc3 c5 4. d5 Bxc3+ 5. bxc3 f5 6. f3 d6 7. e4 fxe4 8. fxe4
Qa5 9. Qb3 Nf6 10. Bd3 Bd7 11. Nf3 Ba4 12. Qa3 Nbd7 13. O-O Qa6 14. Qb2 Ng4 15.
Bf4 Rf8 16. Ng5 Rf6 17. Nxh7 Rxf4 18. Rxf4 Nge5 19. Be2 O-O-O 20. Raf1 Nxc4 21.
Qa1 Nde5 22. Ng5 Bd7 23. Nf7 Qa4 24. Nxd8 Kxd8 25. Qb1 Kc7 26. Qb3 Qxb3 27.
axb3 Nd2 28. h4 a5 29. g4 b5 30. Rd1 g5 31. Rxd2 gxf4 32. Kg2 Nxg4 33. Kf3 b4
34. cxb4 axb4 35. Kxf4 Ne5 36. h5 Be8 37. Ra2 Kb7 38. Ra1 Bf7 39. Rg1 e6 40.
Rg7 exd5 41. h6 d4 42. h7 d3 43. Bd1  1-0

[Event "DRUGA LIGA SRBIJE-GRUPA VOJVODINA-2019."]
[Site "Kovacica"]
[Date "2019.11.04"]
[Round "5"]
[Board "5"]
[White "Sljukic, Miodrag"]
[Black "Stamenkovic, Aleksandar"]
[Result "1/2-1/2"]
[WhiteElo "2188"]
[BlackElo "2178"]
[PlyCount "28"]
[EventDate "2019.11.01"]
[EventType "team"]
[EventRounds "11"]
[EventCountry "SRB"]
[WhiteTeam "SK Polet Rastina"]
[BlackTeam "SK Mladost Nova Pazova"]

1. d4 Nf6 2. Bf4 c5 3. e3 Qb6 4. Nc3 cxd4 5. exd4 d5 6. Nb5 Na6 7. a4 e6 8. h3
Be7 9. Nf3 O-O 10. c3 Bd7 11. a5 Qd8 12. Bd3 Ne4 13. O-O Bxb5 14. Bxb5 Bd6
 1/2-1/2

[Event "DRUGA LIGA SRBIJE-GRUPA VOJVODINA-2019."]
[Site "Kovacica"]
[Date "2019.11.04"]
[Round "5"]
[Board "6"]
[White "Gavric, Zivojin"]
[Black "Babic, Damir M"]
[Result "1-0"]
[WhiteElo "2108"]
[BlackElo "2103"]
[PlyCount "71"]
[EventDate "2019.11.01"]
[EventType "team"]
[EventRounds "11"]
[EventCountry "SRB"]
[WhiteTeam "SK Mladost Nova Pazova"]
[BlackTeam "SK Polet Rastina"]

1. d4 Nf6 2. Nf3 e6 3. Bf4 c5 4. c3 d5 5. e3 Nc6 6. Be2 Bd6 7. Bxd6 Qxd6 8. O-O
O-O 9. Nbd2 Rd8 10. Re1 e5 11. dxe5 Nxe5 12. Nxe5 Qxe5 13. Bf3 Be6 14. Nf1 Ne4
15. Ng3 Rd7 16. Qa4 c4 17. Red1 Nc5 18. Qa3 b6 19. Rd4 Rad8 20. Rad1 a5 21. b4
cxb3 22. axb3 h6 23. b4 Nb7 24. Be2 Qc7 25. Bb5 Rd6 26. Ne2 g5 27. Ba6 Ra8 28.
Bxb7 Qxb7 29. bxa5 Rd7 30. Rb4 Rxa5 31. Qb2 Qa6 32. Rxb6 Qc4 33. Nd4 Ra2 34.
Qb1 Rd8 35. Nxe6 Qe2 36. Rf1  1-0

[Event "DRUGA LIGA SRBIJE-GRUPA VOJVODINA-2019."]
[Site "Kovacica"]
[Date "2019.11.04"]
[Round "5"]
[Board "1"]
[White "Rogac, Srdjan"]
[Black "Csizik, Karoly"]
[Result "1-0"]
[WhiteElo "2332"]
[BlackElo "1903"]
[PlyCount "49"]
[EventDate "2019.11.01"]
[EventType "team"]
[EventRounds "11"]
[EventCountry "SRB"]
[WhiteTeam "SK Mladenovo Mladenovo"]
[BlackTeam "SK Senta Senta"]

1. Nf3 Nf6 2. c4 g6 3. b4 Bg7 4. Bb2 O-O 5. g3 b6 6. Bg2 Bb7 7. O-O c5 8. b5 d6
9. d3 Nbd7 10. a4 Qc7 11. Nbd2 Ne5 12. a5 Rad8 13. axb6 axb6 14. Ra7 Nxf3+ 15.
Bxf3 Rb8 16. Qa4 Ra8 17. Ra1 Rxa7 18. Qxa7 Rb8 19. Bxf6 Bxf6 20. Ra6 d5 21.
cxd5 Bc3 22. Nc4 Ba5 23. Nxa5 bxa5 24. d6 exd6 25. Rb6  1-0

[Event "DRUGA LIGA SRBIJE-GRUPA VOJVODINA-2019."]
[Site "Kovacica"]
[Date "2019.11.04"]
[Round "5"]
[Board "2"]
[White "Balla, Tamas-Kristof"]
[Black "Grujic, Zoran"]
[Result "1/2-1/2"]
[WhiteElo "2348"]
[BlackElo "2335"]
[PlyCount "88"]
[EventDate "2019.11.01"]
[EventType "team"]
[EventRounds "11"]
[EventCountry "SRB"]
[WhiteTeam "SK Senta Senta"]
[BlackTeam "SK Mladenovo Mladenovo"]

1. e4 c5 2. Nf3 e6 3. b3 Nc6 4. Bb2 a6 5. c4 Nf6 6. e5 Ng4 7. h3 Nh6 8. g4 d6
9. Bg2 dxe5 10. Nxe5 Nxe5 11. Bxe5 f6 12. Bb2 Nf7 13. d4 cxd4 14. Qxd4 Qc7 15.
Nc3 Bc5 16. Qd2 Bd6 17. Qe2 O-O 18. O-O-O Rb8 19. Kb1 Be5 20. Rc1 Bd7 21. Rhd1
Rfe8 22. c5 Bc6 23. Bxc6 Qxc6 24. Ne4 Bxb2 25. Kxb2 Rbd8 26. Nd6 Nxd6 27. cxd6
Qb6 28. Rc7 Rxd6 29. Rxb7 Qd8 30. Rxd6 Qxd6 31. Qe3 Rc8 32. Rb6 Rc6 33. Rxc6
Qxc6 34. b4 Qc4 35. Qc3 Qe2+ 36. Qc2 Qe5+ 37. Kb3 Qd5+ 38. Qc4 Qf3+ 39. Ka4 Kf7
40. Qxa6 Qxf2 41. Qc4 Qa7+ 42. Kb5 Qb7+ 43. Kc5 Qc8+ 44. Kb5 Qb7+  1/2-1/2

[Event "DRUGA LIGA SRBIJE-GRUPA VOJVODINA-2019."]
[Site "Kovacica"]
[Date "2019.11.04"]
[Round "5"]
[Board "3"]
[White "Parezanin, Darko"]
[Black "Kopasz, Robert"]
[Result "1/2-1/2"]
[WhiteElo "2221"]
[BlackElo "2351"]
[PlyCount "120"]
[EventDate "2019.11.01"]
[EventType "team"]
[EventRounds "11"]
[EventCountry "SRB"]
[WhiteTeam "SK Mladenovo Mladenovo"]
[BlackTeam "SK Senta Senta"]

1. e4 c6 2. Nf3 d5 3. Nc3 g6 4. d4 Bg4 5. Be2 Nf6 6. e5 Nfd7 7. Bg5 h6 8. Bh4
Qa5 9. O-O e6 10. a3 Bg7 11. Re1 Nf8 12. b4 Qc7 13. b5 Nbd7 14. bxc6 bxc6 15.
Na4 g5 16. Bg3 Ng6 17. c4 O-O 18. Qd2 Nb6 19. Nb2 dxc4 20. Nxc4 Nxc4 21. Bxc4
Rad8 22. Qe3 Ne7 23. Rad1 Qa5 24. Bd3 Nf5 25. Be4 Bxf3 26. Qxf3 Nxd4 27. Qg4
Qxa3 28. h4 Nf5 29. Bxf5 exf5 30. Qxf5 gxh4 31. Rxd8 Rxd8 32. Bxh4 Qd3 33. Re4
Qd7 34. e6 fxe6 35. Qg6 Re8 36. Rg4 Qf7 37. Qxh6 Kf8 38. Qd2 Kg8 39. Qc3 e5 40.
Qxc6 Re6 41. Qa8+ Re8 42. Qc6 Re6 43. Qd5 Re8 44. Qd6 Qe6 45. Qxe6+ Rxe6 46.
Ra4 a6 47. f3 Bh6 48. Kf2 Kf7 49. Ke2 Rd6 50. Be1 Ke6 51. g3 Bg5 52. Bc3 Bf6
53. Ke3 Rc6 54. Ba1 Bd8 55. Re4 Bb6+ 56. Kd3 Rd6+ 57. Kc4 Rd5 58. f4 Rc5+ 59.
Kd3 Rd5+ 60. Ke2 Bc7  1/2-1/2

[Event "DRUGA LIGA SRBIJE-GRUPA VOJVODINA-2019."]
[Site "Kovacica"]
[Date "2019.11.04"]
[Round "5"]
[Board "4"]
[White "Vranic, Ljubomir"]
[Black "Krejic, Igor"]
[Result "1/2-1/2"]
[WhiteElo "2211"]
[BlackElo "2229"]
[PlyCount "61"]
[EventDate "2019.11.01"]
[EventType "team"]
[EventRounds "11"]
[EventCountry "SRB"]
[WhiteTeam "SK Senta Senta"]
[BlackTeam "SK Mladenovo Mladenovo"]

1. d4 Nf6 2. c4 e6 3. Nf3 Bb4+ 4. Nbd2 d5 5. a3 Be7 6. g3 O-O 7. Bg2 Nbd7 8.
O-O b6 9. b3 Bb7 10. Bb2 Rc8 11. b4 c5 12. b5 Bd6 13. a4 a5 14. e3 Qe7 15. Ne5
Rfd8 16. f4 Ne4 17. Nxe4 dxe4 18. Nc6 Bxc6 19. bxc6 Rxc6 20. Bxe4 Rcc8 21. Qb3
cxd4 22. exd4 Bb4 23. Rfd1 Nf6 24. Bf3 Rc7 25. Rac1 Rdc8 26. Kg2 h6 27. Kg1 Rd8
28. Kg2 Rcd7 29. Bc6 Rc7 30. Bf3 Rcd7 31. Bc6  1/2-1/2